Central Library OPAC University of Rajshahi

In the beginning / (Record no. 32026)

MARC details
000 -LEADER
fixed length control field 00859nam a2200253 a 4500
001 - CONTROL NUMBER
control field 32026
003 - CONTROL NUMBER IDENTIFIER
rucl marc code BD-RjUL
005 - DATE AND TIME OF LATEST TRANSACTION
control field 20211209051759.0
008 - FIXED-LENGTH DATA ELEMENTS--GENERAL INFORMATION
fixed length control field 140423s1947 enka 000 0 eng d
035 ## - SYSTEM CONTROL NUMBER
System control number OCLC ocm16705711 from D951106M
-- (BD-RjUL)32115
040 ## - CATALOGING SOURCE
Original cataloging agency VUT
Transcribing agency VUT
Modifying agency MSV
-- EQO
-- BD-RjUL
Language of cataloging eng
041 ## - LANGUAGE CODE
Language code of text/sound track or separate title eng
082 04 - DEWEY DECIMAL CLASSIFICATION NUMBER
Classification number 222.1106
Author mark and year HOI 1966
090 ## - LOCALLY ASSIGNED LC-TYPE CALL NUMBER (OCLC); LOCAL CALL NUMBER (OCLC)
Classification number (OCLC) (R) ; Classification number, CALL (RLIN) (NR) BS1235.3
Local cutter number (OCLC) ; Book number/undivided call number, CALL (RLIN) .H66 1947
100 1# - MAIN ENTRY--PERSONAL NAME
Personal name Hooke, S. H.
Fuller form of name (Samuel Henry),
Dates associated with a name 1874-1968.
9 (RLIN) 74844
245 10 - TITLE STATEMENT
Title In the beginning /
Statement of responsibility, etc. by S.H. Hooke.
Number of part/section of a work VOL. VI :
Name of part/section of a work Old Testament.
260 ## - PUBLICATION, DISTRIBUTION, ETC. (IMPRINT)
Place of publication, distribution, etc. Oxford :
Name of publisher, distributor, etc. Clarendon Press,
Date of publication, distribution, etc. 1947 [Reprinted 1966].
300 ## - PHYSICAL DESCRIPTION
Pagination ix, 166 p. :
Illustrations ill. ;
Size 19 cm.
490 1# - SERIES STATEMENT
Series statement Clarendon Bible. Old Testament ;
Volume/sequential designation v. 6
650 #7 - SUBJECT ADDED ENTRY--TOPICAL TERM
Topical term or geographic name as entry element Bible. -- Genesis -- Criticism, interpretation.
9 (RLIN) 97483
830 #0 - SERIES ADDED ENTRY--UNIFORM TITLE
Volume number/sequential designation v. 6
Uniform title Clarendon Bible.
942 ## - ADDED ENTRY ELEMENTS (KOHA)
Source of classification or shelving scheme Dewey Decimal Classification
Koha item type Books
Holdings
Lost status Source of classification or shelving scheme Damaged status Not for loan Permanent Location Current Location Shelving location Date acquired Source of acquisition Cost, normal purchase price Total Checkouts Full call number Date last seen Copy number Koha item type
  Dewey Decimal Classification   Not For Loan Central Library, University of Rajshahi Central Library, University of Rajshahi Reading Room 29/07/1970 Sweets & Zeitlinger 15.00   222.1106 HOI V-6 1966 23/04/2014 C-1 Books